| 000 | 00352nam a22001337a 4500 | ||
|---|---|---|---|
| 020 | _a0-8359-6276-5 | ||
| 082 | _a629.25 PEA'A | ||
| 100 |
_aGASTON, T. E,PEACOCK, FREDERICK E _974413 |
||
| 245 | _aAUTOMOTIVE ENGINE FUNDAMENTALS | ||
| 260 |
_aVIRGINIA _bRESTON PUBLISHING _c1980 |
||
| 300 | _aXII, 467P | ||
| 650 |
_a ACC NO-15149 _974414 |
||
| 942 | _cBK | ||
| 999 |
_c579947 _d579947 |
||